Southville International School and Colleges
Your cart is empty.
  • Cart
  • Lists
    Public lists Eva Luna New books Lux_list list_1
    Your lists Log in to create your own lists
  • Log in to your account
  • Your cookies
  • Search history
Southville International School and Colleges
  • Advanced search
  • Recent comments
  • Most popular
  • Libraries

Log in to your account

Log in with GOOGLE


If you do not have an external account, but do have a local account, you can still log in:

  1. Home
  2. MARC view: Ubiquitous computing for business :
Normal view MARC view ISBD view

Ubiquitous computing for business : (Record no. 275399)

[ view plain ]
MARC details
000 -LEADER
fixed length control field 01538cam a2200313 a 4500
001 - CONTROL NUMBER
control field 16485125
003 - CONTROL NUMBER IDENTIFIER
control field SISC
005 - DATE AND TIME OF LATEST TRANSACTION
control field 20170131083610.0
008 - FIXED-LENGTH DATA ELEMENTS--GENERAL INFORMATION
fixed length control field 100930s2011 njua b 001 0 eng
010 ## - LIBRARY OF CONGRESS CONTROL NUMBER
LC control number 2010041445
020 ## - INTERNATIONAL STANDARD BOOK NUMBER
International Standard Book Number 9780137064434 (hardback : alk. paper)
020 ## - INTERNATIONAL STANDARD BOOK NUMBER
International Standard Book Number 9780137064438 (hardback : alk. paper)
035 ## - SYSTEM CONTROL NUMBER
System control number (OCoLC)ocn666246501
040 ## - CATALOGING SOURCE
Original cataloging agency DLC
Transcribing agency DLC
Modifying agency YDX
-- BTCTA
-- YDXCP
-- CDX
-- BWX
-- VP@
-- DLC
042 ## - AUTHENTICATION CODE
Authentication code pcc
050 00 - LIBRARY OF CONGRESS CALL NUMBER
Classification number HF 5415
Item number .B4238 2011
082 00 - DEWEY DECIMAL CLASSIFICATION NUMBER
Classification number 658.8
100 1# - MAIN ENTRY--PERSONAL NAME
Personal name Begole, James.
Dates associated with a name 1963-
245 10 - TITLE STATEMENT
Title Ubiquitous computing for business :
Remainder of title find new markets, create better businesses, and reach customers around the world 24-7-365 /
Statement of responsibility, etc Bo Begole.
260 ## - PUBLICATION, DISTRIBUTION, ETC. (IMPRINT)
Place of publication, distribution, etc Upper Saddle River, N.J. :
Name of publisher, distributor, etc FT Press,
Date of publication, distribution, etc 2011.
300 ## - PHYSICAL DESCRIPTION
Extent 254 pages :
Other physical details illustrations ;
Dimensions 24 cm.
504 ## - BIBLIOGRAPHY, ETC. NOTE
Bibliography, etc Includes bibliographical references and index.
505 0# - FORMATTED CONTENTS NOTE
Formatted contents note Introduction : reading the waves -- Background and capabilities of ubiquitous computing -- Profound technologies -- Harmless if used as directed -- Still stupid after all these years -- Missing ingredients -- Business opportunities -- Making choices -- The soft sell: personalized marketing -- Breaking out of the supply chain gang -- Discontinuous connections -- Coordination -- Clear sailing -- Ubiquitous business.
650 #0 - SUBJECT ADDED ENTRY--TOPICAL TERM
Topical term or geographic name as entry element Marketing.
650 #0 - SUBJECT ADDED ENTRY--TOPICAL TERM
Topical term or geographic name as entry element Globalization.
906 ## - LOCAL DATA ELEMENT F, LDF (RLIN)
a 7
b cbc
c orignew
d 1
e ecip
f 20
g y-gencatlg
942 ## - ADDED ENTRY ELEMENTS (KOHA)
Source of classification or shelving scheme Library of Congress Classification
Koha item type Books
Call number prefix Foreign
Holdings
Withdrawn status Lost status Source of classification or shelving scheme Damaged status Not for loan Home library Current library Shelving location Date acquired Source of acquisition Total Checkouts Full call number Barcode Date last seen Price effective from Koha item type
    Library of Congress Classification   On Process College Library College Library General Circulation Section 09/03/2014 Donation   HF 5415 .B4238 2011 C18604 05/15/2018 09/03/2014 Books

Ubiquitous computing for business :

APA

Begole J., . (2011). Ubiquitous computing for business. Upper Saddle River, N.J: FT Press.

Chicago

Begole James, . 2011. Ubiquitous computing for business. Upper Saddle River, N.J: FT Press.

Harvard

Begole J., . (2011). Ubiquitous computing for business. Upper Saddle River, N.J: FT Press.

MLA

Begole James, . Ubiquitous computing for business. Upper Saddle River, N.J: FT Press. 2011.

  • Place hold
  • Print
  • Cite
  • Add to your cart (remove)
  • Save record
    BIBTEX Dublin Core MARCXML MARC (non-Unicode/MARC-8) MARC (Unicode/UTF-8) MARC (Unicode/UTF-8, Standard) MODS (XML) RIS
  • More searches
    Search for this title in:
    Other Libraries (WorldCat) Other Databases (Google Scholar) Online Stores (Bookfinder.com) Open Library (openlibrary.org)

Exporting to Dublin Core...

SOUTHVILLE LIBRARY

Southville International School and Colleges Library

1281 Tropical Ave. Cor. Luxembourg St., BF Homes International, Las Pinas City

Tel. No. 8256374 / 252358 Loc. 117/146

Powered by Koha